000 00515nam a2200205Ia 4500
999 _c62622
_d62622
003 0100
005 20190219091645.0
008 130303s9999 xx 000 0 und d
040 _cARRUPELIB
050 _aDS461.3.L47 1981
245 _aLetters from the Mughal court
_bthe first Jesuit Mission to Akbar (1580-1583)
_cEdited with Introduction by John Correia-Afonso
260 _aSt Louis
_bThe Institute of Jesuit sources
_c1981
300 _a136p. ;
_c21cm.
440 _astudies in Indian history and culture of the Heras Institute of Bombay
_n24
_944731
700 _aCorreia-Afonso, John
_944732
942 _2lcc
_cMONOGRAPH